000 01211nam a22002177a 4500
999 _c60141
_d60141
003 Ge_BSU
005 20230612162522.0
008 230612s1989 ge ||||| |||| 00| 0 geo d
041 _ageo
080 _a94(479.222.5) ნ-81
100 _aნოზაძე, ვიქტორ
_918649
245 _aსაქართველოს აღდგენისათვის ბრძოლა მესხეთის გამო /
_cვიქტორი ნოზაძე; რედ. გურამ მამულია.
264 _aთბილისი :
_b საქ. თეატრის მოღვაწეთა კავშირი,
_c 1989.
300 _a114 გვ. ;
_b20 სმ.
490 _aსაქართველოს ისტორიის საგანძური ; წიგნი 1
653 _aმესხეთის ისტორია
653 _aსაქართველოს უახლესი ისტორია -- 1918-1921 წ.წ.
653 _aსაქართველოს საგარეო პოლიტიკა.
700 _aმამულია, გურამ
_e რედაქტორი
_918427
942 _2udc
_cBK